000 00311nam a2200133Ia 4500
008 220216s9999 xx 000 0 und d
100 _aJoseph T
245 0 _aNatural rubber sector in India
260 _bPlanters' Chronicle
_c2010
300 _a15-22
650 _aIndia
650 _aNR sector
942 _cBS
999 _c51597
_d51597